| 000 | 00388cam a22001217a 4500 | ||
|---|---|---|---|
| 008 | 180718b1966 xxu||||| |||| 00| 0 eng d | ||
| 082 | _aWx8 B814 | ||
| 100 | _aBrown, Robert T. | ||
| 245 |
_aTransport and the economic intergration of South America _cby Robert T. Brown |
||
| 260 |
_aWashington _bBrookings institution _c1966 |
||
| 300 | _axiii,288p | ||
| 650 | _aTransportation-South-America. | ||
| 999 |
_c411522 _d411522 |
||